An analytic study aspects of political development (Record no. 2666)
[ view plain ]
| 000 -LEADER | |
|---|---|
| fixed length control field | 00272nam a22001097a 4500 |
| 082 ## - DEWEY DECIMAL CLASSIFICATION NUMBER | |
| Classification number | 320.9172 |
| 100 ## - MAIN ENTRY--PERSONAL NAME | |
| Personal name | Lucian W. Pye |
| 245 ## - TITLE STATEMENT | |
| Title | An analytic study aspects of political development |
| 260 ## - PUBLICATION, DISTRIBUTION, ETC. | |
| Place of publication, distribution, etc. | Islamabad |
| Name of publisher, distributor, etc. | National Book foundation |
| 300 ## - PHYSICAL DESCRIPTION | |
| Extent | 205p |
| 942 ## - ADDED ENTRY ELEMENTS (KOHA) | |
| Koha item type | Book |
| Withdrawn status | Lost status | Damaged status | Not for loan | Collection code | Permanent Location | Current Location | Shelving location | Date acquired | Total Checkouts | Full call number | Barcode | Date last seen | Price effective from | Koha item type |
|---|---|---|---|---|---|---|---|---|---|---|---|---|---|---|
| Central Library (CL) | Central Library (CL) | General Stacks | 03/10/2016 | 320.9172 PYE | S3H-N-512 | 03/10/2016 | 11/18/2016 | Book | ||||||
| NUST Law School (NLS) | NUST Law School (NLS) | General Stacks | 03/10/2016 | 320.9172 PYE | S3H-N-511 | 03/10/2016 | 11/18/2016 | Book |
